中核市(サドンデス) - Statistics

General Stats
  • This quiz has been taken 2,252 times
  • The average score is 11 of 62
Answers on the Grid
Answers color-coded by a green-red scale on the quiz's grid according to % correct below.
札幌市
函館市
小樽市
旭川市
室蘭市
苫小牧市
青森市
八戸市
弘前市
盛岡市
奥州市
花巻市
秋田市
横手市
山形市
鶴岡市
米沢市
仙台市
石巻市
福島市
郡山市
いわき市
会津若松市
水戸市
つくば市
宇都宮市
前橋市
高崎市
さいたま市
熊谷市
川越市
川口市
所沢市
越谷市
春日部市
草加市
千葉市
銚子市
市川市
船橋市
松戸市
柏市
成田市
八千代市
流山市
八王子市
町田市
立川市
府中市
横浜市
川崎市
相模原市
横須賀市
藤沢市
小田原市
新潟市
長岡市
富山市
高岡市
金沢市
福井市
甲府市
富士吉田市
長野市
松本市
岐阜市
大垣市
静岡市
浜松市
沼津市
三島市
富士市
掛川市
名古屋市
豊橋市
岡崎市
一宮市
豊田市
津市
四日市市
大津市
京都市
舞鶴市
大阪市
堺市
豊中市
吹田市
高槻市
枚方市
八尾市
寝屋川市
東大阪市
神戸市
姫路市
尼崎市
明石市
西宮市
伊丹市
奈良市
和歌山市
鳥取市
松江市
出雲市
岡山市
倉敷市
広島市
呉市
福山市
山口市
下関市
徳島市
高松市
松山市
高知市
福岡市
北九州市
久留米市
佐賀市
長崎市
佐世保市
熊本市
大分市
宮崎市
鹿児島市
那覇市
 
Answer Stats
Answer % Correct
函館市
75%
旭川市
63%
青森市
53%
盛岡市
48%
秋田市
44%
郡山市
42%
福島市
40%
八戸市
39%
山形市
39%
いわき市
38%
水戸市
36%
宇都宮市
36%
高崎市
34%
前橋市
30%
川口市
27%
川越市
21%
船橋市
20%
八王子市
17%
鹿児島市
14%
越谷市
12%
長崎市
12%
大分市
12%
那覇市
12%
柏市
11%
富山市
11%
金沢市
11%
岐阜市
11%
姫路市
11%
宮崎市
11%
横須賀市
10%
長野市
10%
松山市
10%
豊橋市
9%
豊田市
9%
倉敷市
9%
高松市
9%
福井市
8%
岡崎市
8%
東大阪市
8%
尼崎市
8%
西宮市
8%
和歌山市
8%
福山市
8%
下関市
8%
甲府市
7%
松本市
7%
一宮市
7%
豊中市
7%
高槻市
7%
枚方市
7%
寝屋川市
7%
奈良市
7%
高知市
7%
久留米市
7%
大津市
6%
吹田市
6%
八尾市
6%
明石市
6%
鳥取市
6%
松江市
6%
呉市
6%
佐世保市
6%
No matching quizzes found
Score Distribution
Percent of People with Each Score
Percentile by Number Answered
Your Score History
You have not taken this quiz